| 000 | 00756nam a22001937a 4500 | ||
|---|---|---|---|
| 999 |
_c166693 _d166693 |
||
| 005 | 20190805132450.0 | ||
| 010 | _aUR-10340 | ||
| 020 |
_c130.00 _a9789388356206 |
||
| 035 | _aU-8895 | ||
| 037 | _bDBAD/PUB | ||
| 082 | _a270.566 | ||
| 100 | _a کيپٹن ز ين ا لعا بد ين خا ن | ||
| 245 |
_aمسلما نو ں کی پس ما ند گی کی و جو ہا ت _cکيپٹن ز ين ا لعا بد ين خا ن |
||
| 246 |
_bMusalmanon ki Pasmandgi kie Wujuhat (Urdu) _aby Captain Zainul Abedin Khan |
||
| 260 |
_aDelhi _bEducational Publishing House _c2018 ء |
||
| 270 |
_a3191,Vakil Sreet Kucha Pandit Lal Kuan _bDelhi _e110006 _k23216162 _l- |
||
| 300 |
_a117 ص _c22 Cm(Hb) |
||
| 942 |
_2ddc _cUR _h270.566 _mخ ا ن |
||